| 000 | 00513nam a2200181Ia 4500 | ||
|---|---|---|---|
| 001 | 44378 | ||
| 008 | 140428s9999 xx 000 0 und d | ||
| 020 | _aNA | ||
| 040 | _cPK-LaUMT | ||
| 082 |
_aRHC 297.07 _bWAL-A |
||
| 100 | _aWali Ullah Mohaddas Dehlvi | ||
| 245 |
_aAlbalaghul mobeen fi ahkam Rabbil Alameen itbae Khatamunnabiyeen (Urdu) _cWali Ullah Mohaddas Dehlvi |
||
| 260 |
_aLahore,Pakistan: _bQuran Asan Tareek, _cNA |
||
| 300 | _a208 p. | ||
| 546 | _aUR | ||
| 650 | _aIslam-Education | ||
| 942 | _cBK | ||
| 999 |
_c42371 _d42371 |
||